Statistics for 5 Largest Islands in each Ocean, by Population

Click here to take the quiz!

General Stats

  • This quiz has been taken 46 times
  • The average score is 13 of 20

Answer Stats

OceanIslandPopulation% Correct
IndianJava147,795,436
95%
PacificHonshū104,000,000
93%
AtlanticCuba11,318,747
91%
IndianMadagascar28,497,665
91%
IndianSri Lanka21,919,000
89%
PacificBorneo23,720,000
86%
AtlanticGreat Britain66,397,821
84%
AtlanticIreland6,894,291
84%
AtlanticHispaniola22,278,000
82%
IndianSumatra58,880,000
82%
PacificLuzon64,260,312
73%
PacificTaiwan23,865,820
73%
PacificMindanao27,021,036
59%
ArcticBaffin Island13,148
55%
AtlanticLong Island7,838,822
55%
ArcticVictoria Island2,162
41%
IndianSalsette15,111,974
27%
ArcticSpitsbergen2,884
25%
ArcticYuzhny Island1,972
23%
ArcticAasiaat3,142
2%

Score Distribution

Percentile by Number Answered

Percent of People with Each Score

Your Score History

You have not taken this quiz